A mentira na relação a dois (Registo nº 15299)
[ vista simples ]
| 000 -Etiqueta do registo | |
|---|---|
| Valores | 00549nam a22002051i 4500 |
| 010 ## - Número ISBN | |
| ISBN | 9789727111886 |
| 090 ## - | |
| -- | 15299 |
| 100 ## - Dados gerais de processamento | |
| Dados gerais | 20170304u u u0frey50 ba |
| 101 1# - Língua de publicação | |
| -- | por |
| 200 1# - Titulo e menção de responsabilidade | |
| Primeira menção de responsabilidade | Maurice T. Maschino |
| Título próprio | A mentira na relação a dois |
| 210 ## - Publicação | |
| Nome do editor | Pergaminho |
| Data de publicação | 1998 |
| 215 ## - Descrição física | |
| Paginação / Volumes | 182, [10] p. |
| Dimensões | 23 cm |
| 300 ## - Notas gerais | |
| Texto da nota | Oferta de Maria Alice Horta |
| 606 #1 - Nome comum usado como assunto | |
| Palavra de ordem | psicologia do comportamento |
| ID Autoridade | 2890 |
| 675 ## - CDU | |
| Notação | 159.94 |
| -- | 42 |
| 700 #1 - Autor principal (pessoa individual) | |
| Apelido | Maschino |
| Nome | Maurice T. |
| -- | 070 |
| 701 #1 - Co-autor principal (pessoa individual) | |
| Apelido | Moço |
| Nome | Sofia |
| -- | 730 |
| 801 ## - Fonte de origem | |
| País | PT |
| Regras de catalogação | RPC |
| 990 ## - Elementos KOHA | |
| Tipo de documento | Livro |
| Situação do levantamento | Estado | Biblioteca de origem | Biblioteca de empréstimo | Código de barras | Cota | Permissão de empréstimo | Tipo de documento |
|---|---|---|---|---|---|---|---|
| Completo | Biblioteca Municipal de Viana Do Alentejo | Biblioteca Municipal de Viana Do Alentejo | 0021205 | 159.9 MAS | Disponível | Livro |